Quel est ce Nom ? #3 - Géographie - Statistiques

Statistiques générales
  • Ce quiz a été pris 110 fois
  • Le résultat moyen est 10 sur 20
Statistiques - réponses
Hint Réponse % Correct
Réunion Île
93%
Féroé Île
88%
Leman Lac
86%
Java Île
83%
Oléron Île
78%
Vénétie Territoire
69%
Dolomites Montagnes
59%
Tana Lac
47%
Oaxaca Territoire
45%
Orcades Île
38%
Tatras Montagnes
38%
Toba Lac
34%
Hoggar Montagnes
34%
Atitlán Lac
32%
Drakensberg Montagnes
32%
Kauai Île
30%
Sumba Île
30%
Kunlun Montagnes
30%
Pamir Montagnes
22%
Fuvahmulah Île
21%
Aucun quiz correspondant
Distribution des résultats
% des personnes avec chaque résultat
Percentile par nombre de réponses
Votre historique - résultats
Vous n’avez pas pris ce quiz